| 000 | 00467nam a2200169Ia 4500 | ||
|---|---|---|---|
| 008 | 210210b1997 xxu||||| |||| 00| 0 eng d | ||
| 020 | _a81 219 1498 1 | ||
| 082 | _a510.02 RAOE | ||
| 100 | _aRAO (V Venkateswara) and others. | ||
| 245 | _aEAMCET- mathematics for A.P. students. | ||
| 250 | _a | ||
| 260 |
_aNew Delhi. _bS. Chand & Co. Ltd. _c1997 |
||
| 300 | _a854 | ||
| 650 | _aEAMCET Mathematics, A.P. Students | ||
| 690 | _aMathematics | ||
| 906 | _a052355 | ||
| 999 |
_c100641 _d100641 |
||